000
00224nam a2200097 a 4500
005
20200930065711.0
008
110719s2004 000 spa d
245
0
_a
Verde sombra : drama.
260
_c
[s.f.].
999
_c
32038
_d
32038
040
_a
DO-SdBNP